| 000 | 00726nam a2200205Ii 4500 | ||
|---|---|---|---|
| 003 | JO-AjNU | ||
| 008 | 230605s9999||||xx |||||||||||||| ||und|| | ||
| 040 |
_aJO-AjNU _bara _erda _cJO-AjNU |
||
| 041 | _aara | ||
| 050 | 1 | 4 | _aLB2806.M3 |
| 100 | 3 |
_aحسين، منصورإعداد و إشراف؛ حبيب،كرم مشرف, _eauthor _938459 |
|
| 245 | 0 | 0 | _aالمفهوم التخطيطي للتعليم |
| 264 | 3 | 1 | _aالقاهرة:مكتبة الوعي العربي |
| 300 | _a144ص | ||
| 336 |
_atext _btxt _2rdacontent |
||
| 337 |
_aunmediated _bn _2rdamedia |
||
| 338 |
_avolume _bnc _2rdacarrier |
||
| 490 | 0 | _aسلسلة التعلم في خدمة المجتمع 1 | |
| 650 | 4 |
_aالتخطيط التربوي _938460 |
|
| 999 |
_aA16160 _c19728 _d19728 |
||